Implementácia ERP systému ako nástroja racionalizácie účtovníctva bakalárska práca

Na minha lista:
Detalhes bibliográficos
Autor principal: Némethová, Michaela
Autor Corporativo: Fakulta hospodárskej informatiky EU. Katedra účtovníctva a audítorstva
Outros Autores: Stanková, Adriana, 1990-
Formato: Livro
Idioma:eslovaco
Publicado em: Bratislava 2017
Tags: Adicionar Tag
Sem tags, seja o primeiro a adicionar uma tag!

MARC

LEADER 00000nbm a2200000 4500
001 0233059
005 20180412141730.8
041 0 |a slo 
044 |a SK 
245 1 0 |a Implementácia ERP systému ako nástroja racionalizácie účtovníctva  |b bakalárska práca  |c Michaela Némethová ; školiteľ: Adriana Stanková 
264 1 |a Bratislava  |c 2017 
300 |a 33 s. 
100 1 |a Némethová, Michaela 
700 1 |a Stanková, Adriana, 1990- 
710 2 |a Fakulta hospodárskej informatiky EU. Katedra účtovníctva a audítorstva